00471nam a2200181Ia 4500003000900000008004100009040001300050040001300063041000800076100003000084245010700114250001300221260001900234260000900253300001100262300001000273490000600283IT-RoPAU120407s9999 xx 000 0 und d aIT-RoPAU cIT-RoPAU aita aGiovanni Stefano Ghibaudo aEnciclopedia di pensieri, sentenze e proverbi, ordinata in otto parti, precedute da indice schematico. aCherasco aG. S. Ghibaudo c1943 a296 p. c21 cm v1